000 00790cam a2200241 a 4500
001 000005254
005 20210409114020.0
008 991208s1999 sp a b 001 0 spa
020 _a8437617065
040 _aDO-SdBNP
_cDLC
_dDLC
082 _a862.62
_bG216m
100 _aGarcía Lorca, Federico,
_d1898-1936
_914727
245 1 3 _aEl maleficio de la mariposa /
_cFederico García Lorca ; edición, Piero Menarini.
260 _aMadrid :
_bCátedra,
_c1999.
300 _a227 p. :
_bil. ;
_c18 cm.
440 0 _aLetras hispánicas ;
_v465
_94208
504 _aIncluye referencias bibliográficas (p. 81-84).
650 4 _aTeatro español
_93071
650 4 _aLiteratura española
_9632
700 1 _aMenarini, Piero,
_eed.
_914989
910 _aCatalogación por copia / LC
910 _aWM
999 _c5055
_d5055